1527 1010 1396 1592 1840 1665 1661 1006 1671 1805 1419 1625 1984 1953 1602 1007 1294 1033 1750 1143 1541 1823 1060 1522 1301 1088 1656 1960 1255 1050 1439 1988 1076 1423 1647 1414 1374 1390 1066 1165 1239 1087 1968 1535 1960 1081 1644 1131 1089 1546 1121 1925 1198 1930 1227 1631 1349 1362 1766 1540 1483 1123 1690 1848 1810 1515 1354 1426 1755 1816 1451 1449 1165 1116 1708 1656 1277 1317 1034 1745 1558 1776 1700 1464 1557 1436 1726 1807 1696 1822 1579 1593 1257 1822 1074 1136 1827 1543 1113 BCNSPRNW ULIB Ver.6.0+V

เปลี่ยนเป็นภาษาไทย

Change to English
 แสดงรายละเอียดบรรณานุกรม
  กลับหน้าหลัก

Brief Record : Get Marc (ISO 2709) : E-mail record : QR code < ปิดหน้าต่าง
LEADER : 00000nam 2200000uu 4500
001    13399125253
003     ULIB
008    161129s2550||||th 000 0 tha d
060 04 ^aWX153^bน287ก
100 0  ^aนลินี เกิดประสงค์
110 1  ^aวิทยาลัยพยาบาลราชนนีสวรรค์ประชารักษฺ นครสวรรค์
245 00 ^aการเสริมสร้างพลังอำนาจในระบบบริการพยาบาล /^cนลินี เกิดประสงค์
260    ^aนครสวรรค์ :^bวิทยาลัยพยาบาลราชนนีสวรรค์ประชารักษ์ นครสวรรค์,^c2550
300    ^a81 หน้า ;^c26 ซม
650  7 ^aการบริการพยาบาล
650  7 ^aการพยาบาล
945    ^p0^l0^i001562
รายการนี้ยังไม่มีแท็ก
คุณยังไม่ได้ล็อกอิน คุณสามารถมีกิจกรรมร่วมกับเว็บไซต์ได้ แต่ต้องล็อกอินก่อน ::
  ล็อกอิน

รายการสื่อสารสนเทศ

ลำดับที่ ประเภท เลขเรียก/บาร์โค้ด สถานที่ สถานะ
- ไม่พบข้อมูล -

รายการใกล้เคียง
    หัวเรื่อง [การพยาบาล]

BibComment


ยังไม่เคยถูกคอมเมนท์

คอมเมนท์ทรัพยากรรายการนี้
  คอมเมนท์: การเสริมสร้างพลั..


 Copyright 2026. Bcnsprnw @Library